| 000 | 00489nam a2200157 i 4500 | ||
|---|---|---|---|
| 001 | 27984 | ||
| 003 | ES-MaACL | ||
| 007 | t| | ||
| 008 | 030116s1917 fr ||||1| fre d | ||
| 100 | 1 |
_aBaie, Eugène. _924677 |
|
| 245 | 1 | 0 |
_aHistoire de la sensibilité collecive _b: l'epopée flamande / _cpar Eugène Baie. |
| 250 | _aNouvelle éd. | ||
| 260 |
_aParis : _bFélix Alcan, _c1917 ( _eChateaudun : _fImp. du Patriote) |
||
| 300 |
_aLXXVI, p. 76-370 ; _c18 cm. |
||
| 852 |
_aES-MaACL _jG-3236 |
||
| 999 |
_c27984 _d27984 |
||